| 000 | 00764nam a22002417a 4500 | ||
|---|---|---|---|
| 999 |
_c9254 _d9254 |
||
| 003 | AR-CdUCM | ||
| 008 | 190327b ||||| |||| 00| 0 spa d | ||
| 020 | _a91-21-06107-6 | ||
| 040 |
_aMUNICIPALIDAD PROVINCIAL DEL CUSCO _cBIBLIOTECA MUNICIPAL DEL CUSCO |
||
| 041 | _hdin | ||
| 082 |
_a425 / _bB46 |
||
| 100 |
_aBertil, Johansson _925335 |
||
| 245 | _aNy engelsk grammatik / | ||
| 260 |
_aDinamarca : _bAlmqvist & wiksell, _c1990. |
||
| 300 |
_a215 páginas ; _c24 cm. |
||
| 505 | _asonidos del lenguaje y pronunciación -- Adjetivos y adverbios -- Sustantivo -- verbo ... | ||
| 650 |
_aGramática inglesa _925336 |
||
| 650 |
_aSustantivo _925337 |
||
| 650 |
_aAdjetivo _912981 |
||
| 700 |
_aStevens, Michael _925338 |
||
| 942 |
_2ddc _cLIBROS |
||
| 945 | _aacv | ||